|
|
|
|
| LEADER |
01129nam a2200325 a 4500 |
| 001 |
GR-Patra13906 |
| 008 |
001108s1996 enk e b 001 0 eng d |
| 020 |
|
|
|a 0419205306
|
| 040 |
|
|
|a GrPaTEI
|b gre
|c GR-PaULI
|
| 040 |
|
|
|a GrPaTEI
|b gre
|c GR-PaULI
|
| 082 |
|
0 |
|a 625.7
|2 21
|
| 245 |
0 |
0 |
|a Highway and traffic engineering in developing countries /
|c edited by Bent Thagesen.
|
| 260 |
|
|
|a London :
|b E & FN Spon,
|c c1996
|
| 300 |
|
|
|a x, 485σ.
|a εικ.
|
| 504 |
|
|
|a Περιλαμβάνει βιβλιογραφίες και ευρετήριο.
|
| 650 |
|
0 |
|a CONSTRUCTION
|
| 650 |
|
0 |
|a DESIGN
|
| 650 |
|
0 |
|a ENGINEERING
|
| 650 |
|
0 |
|a HIGHWAYS
|
| 650 |
|
0 |
|a ROADS
|
| 650 |
|
4 |
|a ΔΡΟΜΟΙ
|
| 650 |
|
4 |
|a ΚΑΤΑΣΚΕΥΗ
|
| 650 |
|
4 |
|a ΜΗΧΑΝΙΚΗ
|
| 650 |
|
4 |
|a ΣΧΕΔΙΑΣΜΟΣ
|
| 700 |
1 |
|
|a THAGESEN, BENT
|
| 710 |
0 |
|
|a E & FN Spon
|
| 942 |
|
|
|2 ddc
|
| 952 |
|
|
|0 0
|1 0
|2 ddc
|4 0
|6 625_700000000000000_HIG
|7 0
|9 292931
|a LISK
|b LISK
|c BSC
|d 2021-01-17
|e 24
|f 0
|g 0.00
|l 0
|o 625.7 HIG
|p 92410015356
|r 2021-01-17 00:00:00
|t 1
|w 2021-01-17
|y BK15
|x 20001108 0 1
|x GrPaTEI
|
| 971 |
|
|
|a .b26614212
|b 15-04-20
|c 23-09-16
|
| 999 |
|
|
|c 171217
|d 171217
|